[Event "AUT-chT2W 2122"]
[Site "Austria"]
[Date "2022.06.05"]
[Round "8.3"]
[White "Goetz, Siegmar"]
[Black "Ljubic, Juro"]
[Result "1/2-1/2"]
[WhiteElo "2013"]
[BlackElo "2179"]
[PlyCount "80"]
[EventDate "2021.10.15"]
[EventType "team-tourn"]
[EventRounds "11"]
[EventCountry "AUT"]
[SourceTitle "EXT 2023"]
[Source "ChessBase"]
[SourceDate "2022.10.05"]
[SourceVersion "1"]
[SourceVersionDate "2022.10.05"]
[SourceQuality "1"]
[WhiteTeam "Hoerbranz"]
[BlackTeam "Schwarzach"]
[WhiteTeamCountry "AUT"]
[BlackTeamCountry "AUT"]

1. d4 Nf6 2. Bg5 c5 3. dxc5 Ne4 4. Bf4 Qa5+ 5. Nd2 Nc6 6. c3 Nxd2 7. b4 Qa3 8. Qxd2 a5 9. b5 Na7 10. c4 Qxc5 11. e4 e5 12. Be3 Qa3 13. Qc1 Bb4+ 14. Bd2 Qxc1+ 15. Rxc1 Bxd2+ 16. Kxd2 d6 17. c5 Be6 18. cxd6 Rd8 19. Nf3 Rxd6+ 20. Ke3 f6 21. Be2 Kd7 22. Rc3 Rc8 23. Rhc1 Ke7 24. Nd2 Rdd8 25. a4 Rxc3+ 26. Rxc3 Rc8 27. Rxc8 Nxc8 28. Bc4 Bd7 29. Bd5 Nb6 30. Bxb7 Nxa4 31. Nc4 Nc3 32. Nxa5 Nxb5 33. Bc6 Bxc6 34. Nxc6+ Kd6 35. Nb4 Kc5 36. Nd3+ Kd6 37. h4 Nd4 38. f4 Nc6 39. f5 Nd4 40. h5 Nc2+ 1/2-1/2

[Event "AUT-chT2W 2122"]
[Site "Austria"]
[Date "2021.10.16"]
[Round "2.6"]
[White "Goetz, Siegmar"]
[Black "Haemmerle, Gernot"]
[Result "0-1"]
[WhiteElo "2013"]
[BlackElo "1975"]
[PlyCount "118"]
[EventDate "2021.10.15"]
[EventType "team-tourn"]
[EventRounds "11"]
[EventCountry "AUT"]
[SourceTitle "CBM 204 Extra"]
[Source "ChessBase"]
[SourceDate "2021.11.30"]
[SourceVersion "1"]
[SourceVersionDate "2021.11.30"]
[SourceQuality "1"]
[WhiteTeam "Hoerbranz"]
[BlackTeam "Lustenau"]
[WhiteTeamCountry "AUT"]
[BlackTeamCountry "AUT"]

1. e4 e6 2. d4 d5 3. Nc3 dxe4 4. Nxe4 Nd7 5. Nf3 Ngf6 6. Bd3 Nxe4 7. Bxe4 Nf6 8. Bg5 Be7 9. Bd3 h6 10. Bxf6 Bxf6 11. c3 Bd7 12. 0-0 Bc6 13. Qe2 0-0 14. Ne5 Bxe5 15. Qxe5 Qd5 16. Qxd5 Bxd5 17. Rfe1 Rfd8 18. Be4 Bxe4 19. Rxe4 Rd6 20. Rae1 Rad8 21. f4 Kf8 22. Kf2 Rd5 23. Re5 Ke7 24. Rxd5 Rxd5 25. Ke3 Kf6 26. c4 Rd7 27. b4 Kf5 28. g3 c6 29. h3 h5 30. Rg1 Rd8 31. g4+ hxg4 32. hxg4+ Kf6 33. Rh1 Ra8 34. a4 Ke7 35. a5 b6 36. a6 Rb8 37. Rh7 b5 38. c5 Kf6 39. Ke4 Rd8 40. g5+ Kg6 41. Rh2 Re8 42. Ke5 Rd8 43. Rf2 Rd7 44. Ke4 Rd5 45. Rf1 Rd8 46. f5+ exf5+ 47. Kd3 Kxg5 48. Re1 Kf6 49. Rd1 g5 50. Ke3 f4+ 51. Kf3 Kf5 52. Re1 g4+ 53. Kf2 g3+ 54. Kf3 Rxd4 55. Re7 Rd3+ 56. Kg2 Rd2+ 57. Kg1 f3 58. Rxf7+ Ke4 59. Re7+ Kd3 0-1